| 000 | 00570nam a22001817a 4500 | ||
|---|---|---|---|
| 020 | _qHard Cover. | ||
| 082 | _a330 | ||
| 100 | _aM. Ali Sajjad : Rai Mustafa Zafar | ||
| 245 |
_aSocioeconomic Cost of Mental Health in Pakistan / _cM. Sajjad, Ali : Zafar, Rai Mustafa |
||
| 260 |
_aIslamabad: _bS3H NUST, _c2021. |
||
| 300 |
_bill. : _c30cm. |
||
| 563 | _aHB | ||
| 650 | _aBS-Economics | ||
| 700 |
_aIram Abrar _927440 |
||
| 856 | _uhttp://10.250.8.41:8080/xmlui/handle/123456789/24385 | ||
| 942 |
_2ddc _cPR |
||
| 999 |
_c566094 _d566094 |
||